Statistiques concernant Animaux en Anglais - Aléatoire.

Cliquez ici pour prendre le quiz!

Statistiques générales

  • Ce quiz a été pris 922 fois
  • Le résultat moyen est 9 sur 15

Statistiques - réponses

FrancaisAnglais% Correct
poissonfish
89%
chatcat
84%
chiendog
84%
chevalhorse
83%
loupwolf
80%
serpentsnake
79%
oursbear
78%
abeillebee
76%
cochonpig
75%
singemonkey
74%
vachecow
73%
dauphindolphin
72%
éléphantelephant
72%
oiseaubird
71%
canardduck
70%
lapinrabbit
70%
papillonbutterfly
69%
renardfox
69%
grenouillefrog
69%
chauve-sourisbat
66%
chèvregoat
65%
requinshark
63%
aigleeagle
60%
girafegiraffe
59%
moutonsheep
59%
mouchefly
57%
chiotpuppy
55%
taureaubull
53%
gorillegorilla
53%
écureuilsquirrel
53%
fourmiant
47%
baleinewhale
47%
pingouinpinguin
45%
escargotsnail
45%
moustiquemosquito
41%
ânedonkey
37%
lézardlizard
36%
perroquetparrot
35%
poulpeoctopus
33%
criquetcricket
30%
hibouowl
29%
sauterellegrasshopper
16%
phoqueseal
15%
poulehen
13%

Distribution des résultats

Percentile par nombre de réponses

% des personnes avec chaque résultat

Votre développement - résultats

Vous n’avez pas pris ce quiz